Statistics for The 1975 - Happiness (Lyrics)

Click here to take the quiz!

General Stats

  • This quiz has been taken 104 times
    (103 since last reset)
  • The average score is 235 of 271

Answer Stats

Answer% Correct
a
98%
me
98%
me
98%
Show
98%
You
98%
you
98%
you?
98%
go
97%
I
97%
In
97%
in
97%
is
97%
like
97%
love,
97%
love
97%
My,
97%
my,
97%
my
97%
she
97%
She
97%
what
97%
acting
95%
I'm
95%
know
95%
myself
95%
didn't
94%
Didn't
94%
oh
94%
Oh,
94%
oh,
94%
see
94%
showed
94%
case
92%
just
92%
notice
92%
to
92%
And
90%
and
90%
blind
89%
have
89%
near
89%
it
87%
too
87%
far
86%
feeling
86%
Feeling
86%
would
84%
got
81%
Her
81%
this
81%
don't
79%
soul,
79%
up
79%
your
79%
I'd
78%
out
78%
why
78%
gonna
76%
I've
76%
front
75%
messin'
73%
of
73%
seen
73%
she's
73%
Take
73%
body's
71%
Mind
71%
mind,
71%
modern
71%
again,
70%
art
70%
never
70%
now
70%
Now
70%
the
70%
because
68%
insatiable,
68%
hey
67%
hey,
67%
Grow
65%
until
65%
at
63%
name
63%
Callin'
62%
right
62%
time
62%
time,
62%
met
60%
Met
60%
'cause
57%
God
57%
help
57%
ya
57%
stop
51%
it's
46%

Score Distribution

Percentile by Number Answered

Percent of People with Each Score

Your Score History

You have not taken this quiz since the last reset